| 000 | 00468caa a22001812a 4500 | ||
|---|---|---|---|
| 001 | 001199 | ||
| 003 | AR-FADEU | ||
| 008 | 311216n############xxu####################dd | ||
| 092 | _aPP(361)BOL | ||
| 100 | _aSebastián Herranz, Julia | ||
| 245 | _bCreatividad y tercera edad | ||
| 245 | _aBoletín de estudios y documentación de servicios sociales | ||
| 300 | _a20-35 | ||
| 440 | _n24 | ||
| 260 | _c1985 | ||
| 650 | _aTERCERA EDAD-CREATIVIDAD | ||
| 942 | _cPPGR | ||
| 999 |
_c3977 _d3977 |
||